The Labyrinth of Silence/ (Record no. 216151)

MARC details
000 -LEADER
fixed length control field 00600nam a22001937a 4500
005 - DATE AND TIME OF LATEST TRANSACTION
control field 20260514104334.0
010 ## - LCCN (DPL NO)
LC control number ENG-148477
020 ## - INTERNATIONAL STANDARD BOOK NUMBER
International Standard Book Number 9789395481724
Terms of availability 300.00
035 ## - SYSTEM CONTROL NUMBER
System control number EN-132009
037 ## - SOURCE OF ACQUISITION
Source of stock number/acquisition DBAD
082 ## - DEWEY DECIMAL CLASSIFICATION NUMBER
Classification number N
100 ## - MAIN ENTRY--PERSONAL NAME
Personal name Nagda, Aparna Salvi
245 ## - TITLE STATEMENT
Title The Labyrinth of Silence/
Statement of responsibility, etc Aparna Salvi Nagda
250 ## - EDITION STATEMENT
Edition statement 1
260 ## - PUBLICATION, DISTRIBUTION, ETC. (IMPRINT)
Name of publisher, distributor, etc Vishwakarma Publications
Date of publication, distribution, etc 2024
Place of publication, distribution, etc Maharashtra
270 ## - ADDRESS
Address 34A/1, Suyog Center, 7th floor, Gultekedi Marketyard Road, Giridhar Bhavan Chowk,
Postal code 411037
City Pune
Electronic mail address info@vpindia.co.in
300 ## - PHYSICAL DESCRIPTION
Extent 202p.
Dimensions 21cm (pb)
942 ## - ADDED ENTRY ELEMENTS (KOHA)
Source of classification or shelving scheme Dewey Decimal Classification
Item type English Books
Classification part N
Call number suffix NAG
Holdings
Withdrawn status Lost status Not for loan Collection code Home library Current library Date acquired Source of acquisition Cost, normal purchase price Full call number Barcode Copy number Cost, replacement price Koha item type
      Fiction Kasturba Gandhi Marg Kasturba Gandhi Marg 14/05/2026 Delivery of Books Act Division 300.00 N NAG EN-132009 1 300.00 English Books

© Delhi Public Library
Hit Counter
free hit counter